Responses for show #6572 - Tuesday, March 26, 2013

Contestants

Pat Clevenger, a civil engineer from Chalfant Borough, Pennsylvania

Christine Muldoon, a legal secretary from Regina, Saskatchewan, Canada

Rachel Liptak, a substitute teacher from Temecula, California (whose 2-day cash winnings total $48,002)

Jeopardy! Round responses

HELLO, LARRY
PULITZER-WINNING BIOGRAPHIES
ENDS IN "GH"
SCRAMBLED FISH
COMPACTS
SUBCOMPACTS
    $200 16
Larry Hagman

Rachel
    $200 26
Mark Twain

Pat
    $200 2
rough

Christine
    $200 1
sole

Pat
    $200 11
The Social Contract

Christine
    $200 21
a Mini (Cooper)

Rachel
    $400 17
Larry Bird

Rachel
    $400 27
Columbus

Rachel
    $400 3
neigh

Pat
    $400 7
trout

Christine
    $400 12
war

Rachel
    $400 22
Fiesta

Christine
    $600 18
Larry the Cable Guy

Rachel
    $1,000 28
FDR and Eleanor Roosevelt

Rachel
    $600 4
(Vijay) Singh

Pat
    $600 8
salmon

Pat
    $600 13
the Mayflower Compact

Rachel
    $600 23
Scion

Rachel
    $800 19
Chipper (Jones)

Pat
    $800 29
New York City

Christine
    $800 5
weigh

Rachel
    $800 9
mahi mahi

Rachel
    $800 14
the Warsaw Pact

Pat
    $800 24
Honda

Rachel
    $1000 20
The Larry Sanders Show

Pat
    $1000 30
Profiles in Courage

Christine
    $1000 6
thigh high

Pat
    $1000 10
mackerel

Christine
    $1000 15
strategic arms

Rachel
    $1000 25
Mazda

Triple Stumper

Scores at the first commercial break (after clue 15):

Rachel Christine Pat
$3,600 $1,800 $3,600

Scores at the end of the Jeopardy! Round:

Rachel Christine Pat
$7,800 $4,000 $5,600

Double Jeopardy! Round responses

AN UNFINISHED CATEGORY
PARTNERS IN CRIME
GERMAN WORDS ON LOAN TO ENGLISH
MUSICAL THEATRE
AMERICAN NOVELISTS
IT''S TIME TO "BIA" NATION
    $400 11
the Met

Rachel
    $400 16
battery

Rachel
    $400 1
Kindergarten

Rachel
    $400 21
(Pat: What is 1865?)

1776

RachelPat
    $400 6
(Mario) Puzo

Christine
    $400 26
Saudi Arabia

Rachel
    $800 12
Michelangelo

Pat
    $800 17
entering

Rachel
    $800 2
a Dachshund

Pat
    $800 22
Elf

Rachel
    $800 7
Sinclair Lewis

Triple Stumper
    $800 27
Colombia

Christine
    $1200 13
(Rachel: Who is Beethoven?)

Mozart

RachelPat
    $1200 18
lascivious

Christine
    $2,500 3
a Poltergeist

Pat
    $2,000 23
(Rachel: ...What is Steamboat?)
(Alex: No, [*]. And that movie, [*], was filmed on this lot right here.)

Show Boat

Rachel
    $1200 8
(Truman) Capote

Rachel
    $1200 28
(Rachel: What is Albania? No.)

Serbia

RachelChristine
    $1600 14
Crazy Horse

Rachel
    $1600 19
misdemeanors

Rachel
    $1600 4
Bundt

Rachel
    $1600 24
Bring It On

Rachel
    $1600 9
Horatio Alger

Christine
    $1600 29
Namibia

Pat
    $2000 15
Samuel Taylor Coleridge

Rachel
    $2000 20
(Pat: What are communist organizations?)
(Rachel: What are criminal organizations?)

corrupt organizations

RachelPat
Triple Stumper
    $2000 5
Zeitgeist

Rachel
    $2000 25
Brigadoon

Christine
    $2000 10
Michael Chabon

Rachel
    $2000 30
Zambia

Christine

Scores at the end of the Double Jeopardy! Round:

Rachel Christine Pat
$18,600 $13,200 $10,100

[wagering suggestions for these scores]

Final Jeopardy! Round responses

THE 1990s
PatWhat is MIR?Spa
$6,000
ChristineWhat is the International Space Station?
$13,200
RachelWhat is the International Space Station?
$8,000
(Space Station) Mir

Final scores:

Rachel Christine Pat
$10,600 $0 $16,100
2nd place: $2,000 3rd place: $1,000 New champion: $16,100

Game dynamics:

Coryat scores:

Rachel Christine Pat
$20,200 $13,200 $8,800
28 R
(including 1 DD),
4 W
(including 1 DD)
14 R,
0 W
14 R
(including 1 DD),
2 W

Combined Coryat: $42,200

The J! Archive is created by fans, for fans. The Jeopardy! game show and all elements thereof, including but not limited to copyright and trademark thereto, are the property of Jeopardy Productions, Inc. and are protected under law. This website is not affiliated with, sponsored by, or operated by Jeopardy Productions, Inc. Join the discussion at JBoard.tv.